000 00243nam a2200085 4500
999 _c515111
_d515111
100 _aMaksudoy, Latif
_920235
245 _aWays of overcoming economic backwardness
260 _aMoscow
_bNovosti Press Agency Publishing House
_c1972
300 _a191p.